00478nam a2200181 a 4500001001300000003000900013005001700022008004100039020000800080082001700088100001900105245004300124260003600167300001000203500003500213650002900248700001900277nice12345678IN_TiNIC20260116015409.0141113s2013 kola grp 000 0 eng  ac000a294.55bMAT1 aMathew, John V aModern Religious and Secular Movements aKolkata, India bSCEPTRE c2013 a183p  aincludes index and biblioraphy aReligious Movement-India1 aMathew, John V